Básne pre všetkých : výber z poézie 1917-1952 /

Hlavní autor: Éluard, Paul, 1895-1952
Další autoři: Reisel, Vladimír, 1919-2007, Bunčák, Pavel, 1915-2000, Žáry, Štefan, 1918-2007
Jazyk: Slovenština
Vydáno: Bratislava : Slovenský spisovatel, 1954.
Vydání: Vydanie prvé
Edice: Svetová poézia ; zv. 11
Témata:
Fyzický popis: 118 stran
Knihy
Uloženo v:
LEADER 01598nam a22003732i 4500
001 000292331
003 CZ BrMZK
005 20210407162540.0
007 ta
008 030707s1954 xo f |||| 0 slo d
040 |a ABB060  |b cze  |d BOA001  |e rda 
041 1 |a slo  |h fre 
072 7 |a 821.133.1-1  |x Francouzská poezie, francouzsky psaná  |2 Konspekt  |9 25 
080 |a 821.133.1-1  |2 MRF 
100 1 |a Éluard, Paul,  |d 1895-1952  |7 jn19981000975  |4 aut 
240 0 0 |a Poèmes pour tous.  |l Slovensky 
245 1 0 |a Básne pre všetkých :  |b výber z poézie 1917-1952 /  |c Paul Eluard ; z francúzskeho originálu Poémes pour tous ... preložili Vladimír Reisel, Pavol Bunčák a Štefan Žáry. 
250 |a Vydanie prvé 
264 1 |a Bratislava :  |b Slovenský spisovatel,  |c 1954. 
300 |a 118 stran 
336 |a text  |b txt  |2 rdacontent 
337 |a bez média  |b n  |2 rdamedia 
338 |a svazek  |b nc  |2 rdacarrier 
490 0 |a Svetová poézia ;  |v zv. 11 
500 |a Další údaje o odpovědnosti : Výber pripravil, štúdiu napísal a poznámkami opatril Vladimír Reisel 
655 7 |a francouzská poezie  |7 fd132284  |2 czenas 
700 1 |a Reisel, Vladimír,  |d 1919-2007  |7 jn20010602945  |4 trl  |4 cwt 
700 1 |a Bunčák, Pavel,  |d 1915-2000  |7 jn19981000367  |4 trl 
700 1 |a Žáry, Štefan,  |d 1918-2007  |7 jn20011018061  |4 trl 
910 |a BOA001  |b 2-0334.260 
990 |a BK 
991 |b 202102 
996 7 |b 2618993542  |c 2-0334.260  |l MZK  |r Sklad / do 24 hodin  |n 0  |w 000292331  |u 000020  |a 1  |e BOA001  |j MZK50  |s A 
996 7 |b 2619794300  |c 2-0334.260  |l MZK  |r Sklad / do 24 hodin  |n 2  |w 000292331  |u 000010  |a 1  |e BOA001  |j MZK50  |s A